000 00788nam a22002297a 4500
999 _c2734
_d2734
003 AR-CdUCM
008 190305b ||||| |||| 00| 0 spa d
040 _aMUNICIPALIDAD PROVINCIAL DEL CUSCO
_cBIBLIOTECA MUNICIPAL DEL CUSCO
041 _heng
082 _a909 /
_bF38
100 _aFerguson, John
_99565
245 _aLos fundamentos del mundo moderno /
260 _aBarcelona :
_bMartinez Roca,
_c1970
300 _a290 página ;
_c23 cm.
_bilustraciones, fotos,
505 _aContenido: Los orígenes -- Los judíos -- Los griegos -- El Helenismo -- Roma -- La edad media ...
650 _aHistoria Universal
_91423
650 _aRenacimiento
_95856
650 _aModernismo
_9519
700 _aCierva, Gerardo de la (Traductor)
_99566
942 _2ddc
_cLIBROS
945 _araen